000 00358 a2200157 4500
001 69419
020 _a8585913355
040 _cAnchieta - Itaigara
100 _aGeyer, Clóvis
240 1 0 _aA pequena grande Marília
_lpor
245 1 0 _aA pequena grande Marília
300 _a48
362 0 _a2004
650 4 _aLiteratura infanto-juvenil
942 _cBK
999 _c69419
_d69419